| 000 | 00925cam a22002294a 4500 | ||
|---|---|---|---|
| 020 | _a0471402737 (cloth : alk. paper) | ||
| 082 | 0 | 0 |
_a624.171 _bNEL _cN-01,P-89 |
| 100 | 1 |
_aNelson, James K. _942782 |
|
| 245 | 1 | 0 |
_aStructural analysis : _busing classical and matrix methods / _cJames K. Nelson, Jack C. McCormac. |
| 250 | _a3rd ed. | ||
| 260 |
_aNew York : _bWiley, _c2003. |
||
| 300 |
_axiv, 525 p. : _bill. ; _c26 cm. + _e1 CD-ROM (4 3/4 in.) |
||
| 500 | _aIncludes index. | ||
| 500 | _aMcCormac's name appears first on previous ed. | ||
| 526 |
_a0 _b0 _c0 _d624_171000000000000_NEL |
||
| 650 | 0 |
_aStructural analysis (Engineering) _9654 |
|
| 700 | 1 |
_aMcCormac, Jack C. _91288 |
|
| 856 | 4 | 1 | _uhttp://www.loc.gov/catdir/toc/wiley023/2002028821.html |
| 856 | 4 | 2 | _uhttp://www.loc.gov/catdir/description/wiley039/2002028821.html |
| 856 | 4 | 2 | _uhttp://www.loc.gov/catdir/enhancements/fy0702/2002028821-b.html |
| 942 |
_2ddc _cBK |
||
| 999 |
_c546618 _d546618 |
||